La industrialización... ¿necesaria? / (Record no. 120643)

MARC details
000 -LEADER
campo de control de longitud fija 00452nam a2200145 4500
001 - NÚMERO DE CONTROL
campo de control 120643
003 - IDENTIFICADOR DE NÚMERO DE CONTROL
campo de control ES-MaACL
007 - CAMPO FIJO DE DESCRIPCIÓN FÍSICA--INFORMACIÓN GENERAL
campo de control de longitud fija t|
008 - DATOS DE LONGITUD FIJA--INFORMACIÓN GENERAL
campo de control de longitud fija 070214s1955 sp r ||||1| spa d
100 1# - ENTRADA PRINCIPAL--NOMBRE DE PERSONA
Nombre de persona Pozuelo y Barnuevo, José E.
9 (RLIN) 93556
245 13 - MENCIÓN DEL TÍTULO
Título La industrialización... ¿necesaria? /
Mención de responsabilidad, etc. José Enrique Pozuelo y Barnuevo.
260 ## - PUBLICACIÓN, DISTRIBUCIÓN, ETC.
Lugar de publicación, distribución, etc. Madrid :
Nombre del editor, distribuidor, etc. [s. n.],
Fecha de publicación, distribución, etc. 1955 (
Fabricante Gráf. Ibarra)
300 ## - DESCRIPCIÓN FÍSICA
Extensión VII, 192 p. ;
Dimensiones 20 cm.
852 ## - LOCALIZACIÓN
Ubicación ES-MaACL
Número de control de estantería C-9822
Sublocalización o colección R.37712
Holdings
Estatus retirado Estado de pérdida Estado de daño No para préstamo Biblioteca de origen Biblioteca actual Ubicación en estantería Fecha de adquisición Fuente de adquisición Total de préstamos Signatura topográfica completa Código de barras Visto por última vez Precio de reemplazo Tipo de ítem Koha
        Biblioteca del Ateneo de Madrid Biblioteca del Ateneo de Madrid Sala Palomar 17/01/2008     C-9822 1125750 23/02/2023 23/02/2023 Libro impreso